The Journal (Record no. 118874)
[ view plain ]
| 000 -LEADER | |
|---|---|
| fixed length control field | 00745cas a22002415a 4500 |
| 001 - CONTROL NUMBER | |
| control field | L136496 |
| 008 - FIXED-LENGTH DATA ELEMENTS--GENERAL INFORMATION | |
| fixed length control field | 070205c2006 xxkbr p a eng u |
| 022 1# - INTERNATIONAL STANDARD SERIAL NUMBER | |
| International Standard Serial Number | 1754-9094 (Print) |
| 022 1# - INTERNATIONAL STANDARD SERIAL NUMBER | |
| International Standard Serial Number | 1754-9108 (Online) |
| 035 ## - SYSTEM CONTROL NUMBER | |
| System control number | (Sirsi) u136496 |
| 041 0# - LANGUAGE CODE | |
| Language code of text/sound track or separate title | eng |
| 110 2# - MAIN ENTRY--CORPORATE NAME | |
| Corporate name or jurisdiction name as entry element | Royal Institution of Chartered Surveyors |
| Subordinate unit | Land Consultancy Group |
| 9 (RLIN) | 4506 |
| 240 0# - UNIFORM TITLE | |
| Uniform title | RICS Land Journal |
| 245 04 - TITLE STATEMENT | |
| Title | The Journal |
| Remainder of title | RICS Land |
| 260 ## - PUBLICATION, DISTRIBUTION, ETC. | |
| Place of publication, distribution, etc. | London |
| Name of publisher, distributor, etc. | RICS |
| Date of publication, distribution, etc. | 2006- |
| 362 0# - DATES OF PUBLICATION AND/OR SEQUENTIAL DESIGNATION | |
| Dates of publication and/or sequential designation | July/August 2006- |
| 554 ## - | |
| -- | Six per year |
| 651 #4 - SUBJECT ADDED ENTRY--GEOGRAPHIC NAME | |
| Geographic name | United Kingdom |
| Chronological subdivision | |
| 690 ## - LOCAL SUBJECT ADDED ENTRY--TOPICAL TERM (OCLC, RLIN) | |
| Topical term or geographic name as entry element | ENVIRONMENTAL AND LAND CONSULTANCY |
| 780 00 - PRECEDING ENTRY | |
| Title | Rural Professional |
| 856 41 - ELECTRONIC LOCATION AND ACCESS | |
| Uniform Resource Identifier | <a href="https://www.rics.org/landjournal">https://www.rics.org/landjournal</a> |
| Public note | View the journal free of charge at www.rics.org |
| 942 ## - ADDED ENTRY ELEMENTS (KOHA) | |
| Suppress in OPAC | 0 |
| Withdrawn status | Lost status | Source of classification or shelving scheme | Damaged status | Not for loan | Home library | Current library | Shelving location | Date acquired | Total Checkouts | Full call number | Barcode | Date last seen | Price effective from | Koha item type |
|---|---|---|---|---|---|---|---|---|---|---|---|---|---|---|
| Dewey Decimal Classification | London | London | Gallery | 05/02/2007 | RICS LAND | 136496-1001 | 06/08/2019 | 06/08/2019 | Journal | |||||
| Dewey Decimal Classification | Virtual | Virtual | Online | 05/02/2007 | ONLINE PUBLICATION | 136496-2001 | 06/08/2019 | 06/08/2019 | Journal |